000 00733nas a2200265 4500
001 BR8205141
003 BR-BrBNA
005 20231205085239.0
007 ta
008 230509b bl.|||p| |||| 00| 00por d
040 _aBR-BrBNA
_bpor
_cBiblioteca Nacional de Agricultura
041 _a(Pt)
072 _aS10
100 1 _aAnon.
245 1 _aEstudo colaborativo sobre valor biologico de proteinas [Brasil]
650 _aVALOR BIOLOGICO
650 _aVALOR NUTRITIVO
650 _aPROTEINA
650 _aRACAO
650 _aRATO
650 _aCOBAIA
773 0 _tAlimentacao (Brazil)
_xISSN 0100-9397
_g(Sep-Oct 1982), (no. 62) p. 48-58
_wBR8205141
909 _a202311
_bLúcia
_c55
_dLúcia Elande
942 _2AGRIS
_n0
_cANA
999 _c110225
_d110225